000 01257nam a2200361 a 4500
001 000114915
003 CHAP
005 20251007135001.0
008 180806s2016 mx a |r| |||1|||spa d
010 _a111376
011 _a112348
020 _a9786078445592
040 _cCHAP
090 _aFolleto 7212
100 1 0 _aZamarripa Colmenero, Alfredo
_9123470
245 1 0 _aVariedades de café en México :
_borigen, características y perspectivas /
_cpor Alfredo Zamarripa Colmenero y Esteban Escamilla Prado ; coordinadora editorial : Susana Córdova Santamaría.
250 _a2 ed. corregida y aumentada
260 _aMéxico :
_bCÓDICE,
_c2016 .
300 _a43 p. :
_bil .
590 _aE11695DGD
_b10
_c20190927
_lUCH01
_h1043
590 _aE6337LMJ
_b05
_c20180806
_lUCH01
_h1443
590 _aE6337LMJ
_b05
_c20180808
_lUCH01
_h0950
590 _aE6337LMJ
_b05
_c20180808
_lUCH01
_h0952
590 _aE6337LMJ
_b05
_c20180808
_lUCH01
_h1305
650 1 4 _aCafé
_xMejoramiento.
_917168
650 1 4 _aCafé
_xMercadeo
_zMéxico.
_917173
650 1 4 _aCafé
_xVariedades
_zMéxico.
_9135314
700 0 _aEscamilla Prado, Esteban
_eed.
_937449
700 1 _aCórdova Santamaría, Susana
_eed.
_9135315
901 _aBK
942 _cFOLL
942 _n0
999 _c111376
_d111376